000 00195 a2200097 4500
020 _a9780545030021
041 _aspa
100 _aSedita, Francesco
245 _aLa chica mas popular
942 _cBK
999 _c10608
_d10608